000 01862cam a22003854i 4500
003 PE-LiUPU
005 20250731172857.0
008 161010s1962 r 000 0 spa d
035 _a(Sirsi) a164078
082 0 4 _a243
_bV33
_220
100 1 _aVartanián, Jacobo;
_eautor.
245 1 3 _aUn hombre enteramente consagrado :
_bhistoria de lo que Dios pudo hacer con D. L. Moody /
_cJacobo Vartanián.
250 _aSegunda edición.
264 _aBuenos aires :
_bEl lucero,
_c1962.
300 _a151 páginas ;
_c18 centímetros
505 0 _aRetoño de humildes gigantes -- ¡Adelante, aventurero! -- El muchacho de Northfield emprende el camino hacia la ciudad -- Una mano sobre su hombre -- El vendedor ambulante quería ser rico -- ¡Mas Dios le muestra el gozo de su servicio! -- "¿Qué quiere que haga, Señor?" -- "Mejor es mi Cristo, que riquezas mil" -- "Y un ángel de Jehová voló hacia El con un carbón encendido" -- Todo sobre el altar -- "Y cayó fuego de Jehová y consumó el holocausto" -- "La gracia se derramó en tus labios" -- "Miles en tinieblas..." ¡Hallan luz! -- ¡Y el mundo vió lo que Dios podía hacer! -- Epílogo: "Más allá de las puertas"
526 _aSEG42
526 _aSEG41
526 _aSEG40
526 _aSEG39
526 _aP94
526 _aP87
526 _aP86
526 _aP85
526 _aP77
526 _aP76
526 _aP35
600 1 _aMoody, Dwight Lyman Ryther,
_d1837-1899
_vBiografía.
910 _ajck
_bebj
_cebj
_d20161010
264 1 _a**REQUIRED FIELD**
596 _a1
942 _2ddc
_cBOOK
999 _a243 V33
_wDEWEY
_c12935
_i74953
_f2021-11-11
_g5
_lCCODEBUL1
_mBUL
_r0
_sY
_tBOOK
_u2016-10-10
_xTEOLOGIA
_PP35
_0COMPRA
_o.STAFF. Colección Teología
_d12935
980 _81
_gALBERTO SANCHEZ Responsable de Automatización